| 000 | 00968cam a22002895a 4500 | ||
|---|---|---|---|
| 001 | 15958336 | ||
| 005 | 20160522160615.0 | ||
| 006 | m||||fq||z 00| 0 | ||
| 008 | 091023s2011 enka frb f001 0 eng d | ||
| 020 | _a0199738513 | ||
| 020 | _a9780199738519 | ||
| 040 |
_a EG-ScBUE _beng _cEG-ScBUE |
||
| 082 | 0 | 4 |
_a621.381 _bSED _222 |
| 100 | 1 |
_aSedra, Adel S. _921044 |
|
| 245 | 1 | 0 |
_aMicroelectronic circuits / _cAdel S. Sedra, Kenneth C. Smith. |
| 250 | _a6th ed., International ed. | ||
| 260 |
_aOxford ; _aNew York : _bOxford University Press, _c2011. |
||
| 300 |
_axxx, 1353 p. : _bill. ; _c27 cm. + _e1 CD-ROM (4 3/4 in.) |
||
| 500 | _aIncludes index. | ||
| 504 | _aIncludes bibliographical references. | ||
| 650 | 0 |
_aElectronic circuits. _921046 _2BUEsh |
|
| 650 | 0 |
_aIntegrated circuits. _921047 _2BUEsh |
|
| 651 | _2BUEsh | ||
| 653 |
_bENGELC _cOctober2011 _cAugust2015 _cMay2016 |
||
| 700 | 1 |
_aSmith, Kenneth Carless. _921048 |
|
| 942 |
_k621.381 SED _2ddc |
||
| 999 |
_c14823 _d14823 |
||